|
|
|
|
| LEADER |
00729nam a2200205 a 4500 |
| 001 |
c000099092 |
| 003 |
CARM |
| 005 |
00000000000000.0 |
| 008 |
940128s1965 enk 00011 eng d |
| 019 |
1 |
|
|a 10687949
|5 LACONCORD2021
|
| 035 |
|
|
|a (OCoLC)154444819
|5 LACONCORD2021
|
| 040 |
|
|
|a CLONE
|c WMDU
|
| 050 |
1 |
|
|a PR6051.L3
|b E2x 1979
|
| 100 |
1 |
|
|a Aldiss, Brian Wilson,
|d 1925-
|
| 245 |
1 |
0 |
|a Earthworks /
|c Brian Aldiss.
|
| 260 |
|
|
|a London ;
|b Faber and Faber,
|c 1965.
|
| 300 |
|
|
|a 155 p. ;
|c 19 cm.
|
| 852 |
8 |
|
|b CARM
|h A2:AI35G0
|i A00547
|p 0120527
|f BK
|
| 999 |
f |
f |
|i 217e7a17-1809-5075-8c80-fdc943b6452d
|s 71bd1dc7-68e7-5e29-bc5c-00f21e66a6cb
|
| 952 |
f |
f |
|p Can circulate
|a CAVAL
|b CAVAL
|c CAVAL
|d CARM 1 Store
|e A00547
|f A2:AI35G0
|h Other scheme
|i book
|m 0120527
|